Teoría del Derecho.
Tallennettuna:
| Päätekijä: | |
|---|---|
| Muut tekijät: | , |
| Aineistotyyppi: | Kirja |
| Kieli: | englanti |
| Julkaistu: |
México, D.F., México:
Fondo Cultura Económica,
1942.
|
| Painos: | Primera edición española. |
| Sarja: | Sección de obras de Sociología.
|
| Aiheet: | |
| Tagit: |
Lisää tagi
Ei tageja, Lisää ensimmäinen tagi!
|
MARC
| LEADER | 00000nam a22000007a 4500 | ||
|---|---|---|---|
| 003 | CL-VaPUC | ||
| 005 | 20220822114423.0 | ||
| 008 | 220224b1942 ||||| |||| 00| 0 eng d | ||
| 999 | |c 434527 |d 434525 | ||
| 040 | |c Pontificia Universidad Católica de Valparaíso | ||
| 082 | 7 | |a 340.1 BOD 1942 |2 22 | |
| 100 | |a Bodenheimer, Edgar |9 391937 |e autor | ||
| 245 | |a Teoría del Derecho. | ||
| 250 | |a Primera edición española. | ||
| 260 | |a México, D.F., México: |b Fondo Cultura Económica, |c 1942. | ||
| 300 | |a 398 páginas. | ||
| 440 | |a Sección de obras de Sociología. |9 865709 | ||
| 490 | |a Manuales introductorios, |v II. | ||
| 500 | |a c.1 Donación Familia Prof. Alejandro Guzmán Brito. | ||
| 583 | |c 20220224 |k Yessy Stephany Diaz Vidal | ||
| 650 | 0 | |a Jurisprudencia |9 255952 | |
| 650 | 0 | |a Filosofía del derecho |9 255050 | |
| 700 | |a Recasens Siches, Luis |9 255049 |e prólogo | ||
| 700 | |a Herrero, Vicente |9 865772 |e versión en español | ||
| 942 | |2 ddc |c BK |n 0 | ||
| 952 | |0 0 |1 0 |2 ddc |4 0 |6 340_100000000000000_BOD_1942 |7 0 |8 C_AGB |9 581417 |a BIBDER |b BIBDER |d 2022-02-24 |e Donación |i 5647169 |o 340.1 BOD 1942 |p 5647169 |r 2023-01-25 |t 1 |w 2022-02-24 |y BK_US |k AGB | ||